000 01015cam a2200241 4500
001 ABS66824
008 030702n2003 000 0 eng u
035 _a(Sirsi) u122902
100 _aCroser, J.
245 _aAccess denied
260 _c2003
490 _aArchitects' Journal
_v217(24) 19 June 2003, (1)
520 _aExamines the issue of intellectual property right to CAD data created by CAD users. The creator owns the data but if the licence to any software terminates then the user is no longer entitled to run it and will no longer be able to lawfully open the files. Advises users to store data in an improved multi-format archive for all completed projects, thus ensuring future certainty of access.
590 _aABS
650 _aINTELLECTUAL PROPERTY RIGHTS
650 _aCOMPUTER SOFTWARE
650 _aCOMPUTER AIDED DESIGN
650 _aDATA STORAGE
650 _aARCHIVES
690 _aMANAGEMENT-BUSINESS MANAGEMENT-INFORMATION MANAGEMENT
700 _aDowning, R
942 _n0
999 _c72989
_d72989